000 00493nam a2200193 a 4500
001 1769939802279
003 YourLibrary
005 20260201163729.0
008 260201s2006##################000#0#eng##
020 _a9781841695495
082 0 4 _a305.01
_bBRO
100 1 _aBrown, Rupert,
_eauthor.
245 1 0 _aSocial Identities :
260 _bPsychology Press (UK),
_c2006.
300 _a292 pages
650 0 _aPsychology.
942 _cENGLISH
040 _aYourLibrary
_beng
_cYourLibrary
999 _c609749
_d609749